Statistics for Lyrics to What Makes You Beautiful

Click here to take the quiz!

General Stats

  • This quiz has been taken 13,590 times
  • The average score is 13 of 15

Answer Stats

Hint Answer % Correct
Everyone else in the _____ can see itroom
96%
Don't need ________ to cover upmakeup
95%
Baby you ______ ____ my world like nobody elselight up
95%
Being the way that you are is ______enough
94%
You don't know, You don't know you're _________beautiful
94%
_________ ____ but youeveryone else
93%
You're _____, don't know what for.insecure
92%
But when you ____ at the ground it aint hard to tellsmile
87%
The way that you ___ ___ _____ gets me overwhelmedflip your hair
86%
You're _____ ______ when you walk through the doorturning heads
85%
Know, that's what ____ ____ beautifulmakes you
79%
If only you saw what I _____ ______can see
77%
Right now I'm ________ ___ ____ and I can't believelooking at you
75%
You'll understand why I want you so _________desperately
70%

Score Distribution

Percentile by Number Answered

Percent of People with Each Score

Your Score History

You have not taken this quiz